000 00975nam a2200217Ia 4500
003 Ost
005 20260507075728.0
008 260507s9999||||xx |||||||||||||| ||und||
040 _cfsecg
041 _aara
082 _a346.066
100 _aالجنيهي، ممدوح محمد
_eمؤلف
245 0 _aالصيغ القانونية لعقود تاسيس الشركات... /
_c ممدوح محمد الجنيهي
260 _aالاسكندرية:
_bدار الفكر الجامعي,
_c2004
300 _a375 صفحة؛
_c24 سم
520 _aهذا الكتاب يتناول موضوع الصيغ القانونية لعقود تأسيس الشركات - عقود تأسيس شركات التضامن و التوصية البسيطة و المحاصة
653 _aالشركات- قوانين وتشريعات
653 _aالقانون التجاري--مصر
700 _aالجنبيهي، ممدوح محمد
_eمؤلف ثانوي
942 _cكتاب
999 _c46001
_d46001